000 00444nam a2200157Ia 4500
008 210716s2008 xx 000 0 und d
020 _a9788131727997
041 _aeng
082 _a658.835 HOOG
100 _aHooley, Graham J;Piercy, Nigel F;Nicoulaud, Brigitte.
245 _aMarketing strategy and competitive positioning.
250 _a4
260 _aNew Delhi
_bPearson Education
_c2008
300 _axviii,614
650 _aMarketing
999 _c204729
_d204729